[Event "Ruhrgebiet VL1 0910"]
[Site "Germany"]
[Date "2009.10.04"]
[Round "2.8"]
[White "Unal, Ramazan"]
[Black "Dewald, Christian"]
[Result "0-1"]
[WhiteElo "1807"]
[BlackElo "1879"]
[PlyCount "82"]
[EventDate "2009.09.06"]
[EventType "team-tourn"]
[EventRounds "9"]
[EventCountry "GER"]
[SourceTitle "EXT 2011"]
[Source "ChessBase"]
[SourceDate "2010.11.26"]
[SourceVersion "1"]
[SourceVersionDate "2010.11.26"]
[SourceQuality "1"]
[WhiteTeam "Brambauer"]
[BlackTeam "Buer"]
[WhiteTeamCountry "GER"]
[BlackTeamCountry "GER"]

1. d4 Nf6 2. c4 g6 3. Nc3 Bg7 4. e4 d6 5. f3 0-0 6. Be3 e5 7. d5 Ne8 8. Qd2 f5 9. g3 Nf6 10. Bd3 Na6 11. Bh6 Nc5 12. Bxg7 Nxd3+ 13. Qxd3 Kxg7 14. 0-0-0 fxe4 15. Nxe4 Nxe4 16. Qxe4 Qg5+ 17. Rd2 Bf5 18. Qe2 Rf7 19. g4 Bd7 20. h4 Qf4 21. h5 g5 22. h6+ Kh8 23. b3 a5 24. Kb2 a4 25. Rd3 axb3 26. axb3 b5 27. Nh3 Qf6 28. Rc3 e4 29. cxb5 exf3 30. Qc4 Re7 31. Rh2 Re3 32. Rhc2 Re1 33. Nf2 Raa1 34. Rd2 Rab1+ 35. Kc2 Rbc1+ 36. Kb2 Re3 37. Ne4 Rcxc3 38. Nxc3 f2 39. Rd1 Re1 40. Qxc7 f1Q 41. Qb8+ Be8 0-1